Olympic Host Cities On A Map - Statistics

General Stats
  • This quiz has been taken 2,419 times
  • The average score is 45 of 58
Answers on the Map
Answers color-coded by a green-red scale on the quiz's map according to % correct below.
 
Answer Stats
Season Year City % Correct
Summer 1908 London
98%
Summer 1948 London
98%
Summer 2012 London
98%
Summer 1900 Paris
98%
Summer 1924 Paris
98%
Summer 2024 Paris
98%
Summer 1932 Los Angeles
97%
Summer 1984 Los Angeles
97%
Summer 2028 Los Angeles
97%
Summer 1980 Moscow
97%
Summer 1964 Tokyo
97%
Summer 2021 Tokyo
97%
Summer 1896 Athens
96%
Summer 2004 Athens
96%
Summer 2008 Beijing
96%
Winter 2022 Beijing
96%
Summer 1968 Mexico City
96%
Summer 2016 Rio de Janeiro
96%
Summer 1960 Rome
96%
Summer 1936 Berlin
95%
Summer 1988 Seoul
95%
Summer 2000 Sydney
95%
Summer 1992 Barcelona
94%
Summer 1928 Amsterdam
92%
Summer 1952 Helsinki
92%
Summer 1912 Stockholm
92%
Summer 1956 Stockholm
92%
Winter 2010 Vancouver
91%
Summer 1996 Atlanta
90%
Summer 1956 Melbourne
90%
Winter 1952 Oslo
89%
Summer 1972 Munich
87%
Summer 1976 Montreal
86%
Winter 2026 Milan–Cortina d'Ampezzo
82%
Winter 2002 Salt Lake City
80%
Winter 1984 Sarajevo
80%
Summer 2032 Brisbane
78%
Winter 2014 Sochi
78%
Winter 2006 Turin
76%
Winter 1988 Calgary
75%
Summer 1904 St. Louis
75%
Summer 1920 Antwerp
74%
Winter 1972 Sapporo
64%
Winter 1964 Innsbruck
60%
Winter 1976 Innsbruck
60%
Winter 1994 Lillehammer
50%
Winter 2018 PyeongChang
47%
Winter 1932 Lake Placid
41%
Winter 1980 Lake Placid
41%
Winter 1998 Nagano
37%
Winter 1968 Grenoble
36%
Winter 1928 St. Moritz
34%
Winter 1948 St. Moritz
34%
Winter 1924 Chamonix
32%
Winter 1956 Cortina d'Ampezzo
29%
Winter 1992 Albertville
28%
Winter 1960 Squaw Valley
27%
Winter 1936 Garmisch-Partenkirchen
26%
No matching quizzes found
Score Distribution
Percent of People with Each Score
Percentile by Number Answered
Your Score History
You have not taken this quiz